Príspevok k ergodickej a H-teoréme k kvantovej mechanike

Enregistré dans:
Détails bibliographiques
Auteur principal: Barta, Štefan (Auteur)
Format: Manuscrit Livre
Langue:slovaque
Publié: Bratislava : SVŠT v Bratislave, 1969
Sujets:
Tags: Ajouter un tag
Pas de tags, Soyez le premier à ajouter un tag!

MARC

LEADER 00000ntm a22000003a 4500
001 stu83085
005 20150617225634.7
008 040109s1969------------------------slo-d
040 |a STU  |b slo 
041 0 |a slo 
080 |a 530.145 
100 1 |a Barta, Štefan  |4 aut  |u E150  |U FEI Fakulta elektrotechniky a informatiky  |T FEI Katedra fyziky  |U E150  |Y 62 
245 1 |a Príspevok k ergodickej a H-teoréme k kvantovej mechanike 
260 |a Bratislava :  |b SVŠT v Bratislave,  |c 1969 
300 |a 93 s 
650 7 |a kvantová mechanika  |2 stusub 
996 |b 284ED00267  |c E*KDIZ-853  |l EE01  |s A  |a 24  |w stu83085_0001